| Tag |
First Indicator |
Second Indicator |
Subfields |
| LEADER |
00000cam a2200000 a 4500 |
| 001 |
in00001316613 |
| 005 |
20151005070713.0 |
| 008 |
950601s1996 ilu 000 0 eng |
| 010 |
|
|
|a 95030144
|
| 020 |
|
|
|a 0844243906 (pbk.)
|
| 035 |
|
|
|a (OCoLC)32703850
|
| 035 |
|
|
|9 AHC1918AM
|
| 040 |
|
|
|a DLC
|c DLC
|d TXA
|d UtOrBLW
|
| 049 |
|
|
|a TXAM
|
| 050 |
0 |
0 |
|a HF5383
|b .R448 1996
|
| 082 |
0 |
0 |
|a 808/.06665
|2 20
|
| 245 |
0 |
0 |
|a Resumes for re-entering the job market /
|c the editors of VGM Career Horizons.
|
| 264 |
|
1 |
|a Lincolnwood, Ill. :
|b VGM Career Horizons,
|c [1996]
|
| 264 |
|
4 |
|c ©1996
|
| 300 |
|
|
|a vii, 151 pages ;
|c 28 cm.
|
| 336 |
|
|
|a text
|b txt
|2 rdacontent
|
| 337 |
|
|
|a unmediated
|b n
|2 rdamedia
|
| 338 |
|
|
|a volume
|b nc
|2 rdacarrier
|
| 490 |
1 |
|
|a VGM professional resumes series
|
| 500 |
|
|
|a "With sample cover letters"--Cover.
|
| 650 |
|
0 |
|a Résumés (Employment)
|
| 650 |
|
0 |
|a Employment re-entry.
|
| 710 |
2 |
|
|a VGM Career Horizons (Firm)
|
| 830 |
|
0 |
|a VGM professional resumes series.
|
| 999 |
|
|
|a MARS
|
| 999 |
f |
f |
|s fef63908-f5cf-3285-94d4-9fc5de29f6d9
|i 1cb02988-51c6-3226-a0da-4729326aa9e3
|t 0
|
| 952 |
f |
f |
|p ric
|a Texas A&M University
|b Rellis Campus
|c Joint Library Facility
|d Remote Storage
|t 0
|e HF5383 .R448 1996
|h Library of Congress classification
|i unmediated -- volume
|m A14820092016
|
| 998 |
f |
f |
|a HF5383 .R448 1996
|t 0
|l Remote Storage
|